[Event "Madrid-B"]
[Site "Madrid"]
[Date "2024.06.14"]
[Round "8"]
[White "Garrido Outon, Alex"]
[Black "Martinez Reyes, Pedro Ramon"]
[Result "1/2-1/2"]
[WhiteElo "2406"]
[BlackElo "2325"]
[PlyCount "62"]
[EventDate "2024.06.10"]
[EventType "tourn"]
[EventRounds "9"]
[EventCountry "ESP"]
[EventCategory "6"]
[SourceTitle "CBM 220 Extra"]
[Source "ChessBase"]
[SourceDate "2024.07.31"]
[SourceVersion "1"]
[SourceVersionDate "2024.07.31"]
[SourceQuality "1"]

1. Nf3 d5 2. g3 Nf6 3. Bg2 e6 4. 0-0 Be7 5. d3 c5 6. c4 Nc6 7. e3 b6 8. b3 Bb7 9. Bb2 0-0 10. a3 dxc4 11. dxc4 Qxd1 12. Rxd1 Rad8 13. Nbd2 Rd7 14. Kf1 Rfd8 15. Ke2 Kf8 16. h3 Ne8 17. Ne1 Bf6 18. Bxf6 Nxf6 19. Nf1 Rxd1 20. Rxd1 Rxd1 21. Kxd1 Na5 22. Nd2 Bxg2 23. Nxg2 Ke7 24. Kc2 Nc6 25. Kc3 Kd6 26. Ne1 h6 27. Nd3 Ne5 28. Nxe5 Kxe5 29. f4+ Kd6 30. Kd3 g6 31. g4 h5 1/2-1/2

[Event "Madrid-B"]
[Site "Madrid"]
[Date "2024.06.13"]
[Round "6"]
[White "Garrido Outon, Alex"]
[Black "Alvarez Pedraza, Aramis"]
[Result "0-1"]
[WhiteElo "2406"]
[BlackElo "2452"]
[PlyCount "86"]
[EventDate "2024.06.10"]
[EventType "tourn"]
[EventRounds "9"]
[EventCountry "ESP"]
[EventCategory "6"]
[SourceTitle "CBM 220 Extra"]
[Source "ChessBase"]
[SourceDate "2024.07.31"]
[SourceVersion "1"]
[SourceVersionDate "2024.07.31"]
[SourceQuality "1"]

1. e4 c6 2. d4 d5 3. e5 Bf5 4. h4 a6 5. Nc3 h6 6. g4 Bd7 7. f4 e6 8. Be3 c5 9. Nf3 h5 10. gxh5 Nh6 11. Bh3 Qc7 12. a3 b6 13. Qe2 Nc6 14. f5 Ne7 15. fxe6 fxe6 16. 0-0-0 c4 17. Bxh6 gxh6 18. Nh2 0-0-0 19. Ng4 Kb8 20. Rhf1 b5 21. Rf7 Qb6 22. Nf6 Bc8 23. Nh7 Nc6 24. Nxf8 Rhxf8 25. Rxf8 Rxf8 26. Qe3 a5 27. Qxh6 Rf7 28. Qg6 Rb7 29. h6 b4 30. h7 bxc3 31. bxc3 Qb2+ 32. Kd2 Rb3 33. Ke2 Ne7 34. Bf5 Nxf5 35. Rd2 Rxc3 36. h8Q Ng3+ 37. Kf2 Ne4+ 38. Ke2 Qxa3 39. Qgh6 Rf3 40. c3 Rf2+ 41. Ke1 Qc1+ 42. Rd1 Qxc3+ 43. Rd2 Rxd2 0-1

[Event "Madrid-B"]
[Site "Madrid"]
[Date "2024.06.12"]
[Round "5"]
[White "Vega Gutierrez, Sabrina Neide"]
[Black "Garrido Outon, Alex"]
[Result "0-1"]
[WhiteElo "2368"]
[BlackElo "2406"]
[PlyCount "168"]
[EventDate "2024.06.10"]
[EventType "tourn"]
[EventRounds "9"]
[EventCountry "ESP"]
[EventCategory "6"]
[SourceTitle "CBM 220 Extra"]
[Source "ChessBase"]
[SourceDate "2024.07.31"]
[SourceVersion "1"]
[SourceVersionDate "2024.07.31"]
[SourceQuality "1"]

1. e4 d6 2. d4 Nf6 3. Nc3 e5 4. Nf3 Nbd7 5. Bc4 Be7 6. a4 0-0 7. 0-0 c6 8. Re1 h6 9. Ba2 a5 10. h3 Re8 11. Qd3 Bf8 12. dxe5 dxe5 13. Qc4 Qe7 14. Be3 Nb8 15. Nd2 Na6 16. Qe2 Nb4 17. Bb3 Be6 18. Bxe6 Qxe6 19. Nb3 Rec8 20. Red1 c5 21. f3 b6 22. Nc1 Nc6 23. Nd5 Nd4 24. Nxf6+ gxf6 25. Qf2 Rd8 26. c3 Nc6 27. Ne2 f5 28. exf5 Qxf5 29. Qg3+ Kh7 30. Qg4 Qg6 31. Ng3 Ne7 32. Qe4 Bg7 33. Bf2 f5 34. Qb7 Qe6 35. Nh5 Bh8 36. Bh4 Kg6 37. Nf4+ exf4 38. Re1 Be5 39. Qxe7 Qxe7 40. Bxe7 Rd5 41. Rad1 Rxd1 42. Rxd1 Kf7 43. Bd8 Bd4+ 44. cxd4 Rxd8 45. d5 Kf6 46. Kf2 Rd6 47. g4 Ke5 48. Re1+ Kxd5 49. gxf5 Rf6 50. Rg1 Ke5 51. Rg8 Kxf5 52. h4 Rd6 53. Rf8+ Kg6 54. Rxf4 Rd2+ 55. Kg3 Rxb2 56. Rg4+ Kf5 57. h5 Re2 58. Rg8 Re6 59. f4 Rc6 60. Kf3 c4 61. Rf8+ Ke6 62. Ke2 Kd5 63. Kd2 c3+ 64. Kc2 Kc4 65. Re8 Rf6 66. Re4+ Kd5 67. Kd3 Rc6 68. Re5+ Kd6 69. Kc2 Rc4 70. Rf5 Rxa4 71. Rf6+ Kc5 72. Kxc3 Rc4+ 73. Kb2 Kb5 74. Rxh6 Rxf4 75. Rg6 Rh4 76. h6 a4 77. Rg5+ Kb4 78. Rg6 b5 79. Ka2 Rh2+ 80. Ka1 a3 81. Kb1 Ka4 82. Ka1 b4 83. Kb1 Rh3 84. Rf6 Kb3 0-1

[Event "Madrid-B"]
[Site "Madrid"]
[Date "2024.06.11"]
[Round "2"]
[White "Garrido Outon, Alex"]
[Black "Ruiz Buendia, Miguel"]
[Result "1-0"]
[WhiteElo "2406"]
[BlackElo "2304"]
[PlyCount "73"]
[EventDate "2024.06.10"]
[EventType "tourn"]
[EventRounds "9"]
[EventCountry "ESP"]
[EventCategory "6"]
[SourceTitle "CBM 220 Extra"]
[Source "ChessBase"]
[SourceDate "2024.07.31"]
[SourceVersion "1"]
[SourceVersionDate "2024.07.31"]
[SourceQuality "1"]

1. e4 e5 2. Nf3 Nc6 3. Nc3 Nf6 4. Bb5 Nd4 5. 0-0 Nxb5 6. Nxb5 c6 7. Nc3 d6 8. d4 Qc7 9. a4 a5 10. Bg5 Be7 11. Qd3 h6 12. Bxf6 Bxf6 13. d5 0-0 14. Rfd1 Be7 15. Nd2 Bg4 16. f3 Bd7 17. Nc4 Rad8 18. Kh1 f5 19. Ne3 Qc8 20. Nxf5 Bxf5 21. exf5 Rxf5 22. Ne4 Kh8 23. Ra3 cxd5 24. Rc3 Qd7 25. Qxd5 Qxa4 26. Qxb7 Rd7 27. Rc8+ Kh7 28. Qd5 Rf8 29. Rxf8 Bxf8 30. Nc5 dxc5 31. Qxd7 Qxc2 32. Qd3+ Qxd3 33. Rxd3 Kg6 34. Ra3 Kf5 35. Rxa5 Ke6 36. Ra4 Kd5 37. b3 1-0

[Event "Dos Hermanas Rapid 36th"]
[Site "Dos Hermanas"]
[Date "2024.06.06"]
[Round "4"]
[White "Garrido Outon, Alex"]
[Black "Ordonez Torres, Maria del Carmen"]
[Result "1-0"]
[WhiteElo "2406"]
[BlackElo "2043"]
[PlyCount "81"]
[EventDate "2024.06.06"]
[EventType "swiss (rapid)"]
[EventRounds "8"]
[EventCountry "ESP"]
[SourceTitle "CBM 220 Extra"]
[Source "ChessBase"]
[SourceDate "2024.07.31"]
[SourceVersion "1"]
[SourceVersionDate "2024.07.31"]
[SourceQuality "1"]

1. e4 e5 2. Nf3 Nc6 3. c3 d5 4. d3 Nf6 5. Nbd2 dxe4 6. dxe4 Bc5 7. Be2 0-0 8. 0-0 Qe7 9. b4 Bb6 10. a3 a6 11. Qc2 Be6 12. Nc4 Bxc4 13. Bxc4 Nh5 14. Bg5 Qd6 15. Rad1 Qg6 16. Rd7 h6 17. Be3 Rad8 18. Rfd1 Kh7 19. Rxd8 Rxd8 20. Rxd8 Nxd8 21. Nxe5 Qf6 22. Nd7 Qc6 23. Nxb6 cxb6 24. Bd5 Qc7 25. Qd3 b5 26. g4 Nf4 27. Qd2 Ng6 28. f4 Nc6 29. h3 Qe7 30. e5 Qh4 31. Kg2 h5 32. Qe2 hxg4 33. Qxg4 Qe7 34. Qh5+ Kg8 35. Qxg6 Qd7 36. Qd6 Qf5 37. Bxc6 bxc6 38. Qd2 Qe4+ 39. Kh2 g6 40. Bd4 Kh7 41. Qf2 1-0

[Event "Titled Tuesday intern op 21st May Late"]
[Site "Chess.com INT"]
[Date "2024.05.21"]
[Round "5"]
[White "Bilan, Danila"]
[Black "Garrido Outon, Alex"]
[Result "1-0"]
[WhiteElo "2303"]
[BlackElo "2406"]
[PlyCount "53"]
[EventDate "2024.05.21"]
[EventType "swiss (blitz)"]
[EventRounds "11"]
[EventCountry "USA"]
[SourceTitle "CBM 220 Extra"]
[Source "ChessBase"]
[SourceDate "2024.07.31"]
[SourceVersion "1"]
[SourceVersionDate "2024.07.31"]
[SourceQuality "1"]

1. d4 c6 2. Nf3 Nf6 3. c4 b5 4. e3 bxc4 5. Bxc4 g6 6. Nc3 Bg7 7. 0-0 0-0 8. e4 Nxe4 9. Nxe4 d5 10. Bd3 dxe4 11. Bxe4 Be6 12. Bg5 h6 13. Bh4 f5 14. Bc2 g5 15. Bxg5 hxg5 16. Nxg5 Bf7 17. Nxf7 Rxf7 18. Bb3 Qxd4 19. Bxf7+ Kxf7 20. Qb3+ Kg6 21. Qb7 f4 22. Qxa8 f3 23. Qxb8 Be5 24. Qg8+ Kf5 25. Qf7+ Bf6 26. Qh5+ Ke6 27. Qxf3 1-0